LIBRARY ONLINE CATALOGUE

Doing business in the East African Community 2013. (Record no. 13934)

MARC details
000 -LEADER
fixed length control field 00585cam a22001932 4500
001 - CONTROL NUMBER
control field 0000024327
005 - DATE AND TIME OF LATEST TRANSACTION
control field 20151217155916.0
008 - FIXED-LENGTH DATA ELEMENTS--GENERAL INFORMATION
fixed length control field 130712s xx 000 0 eng d
040 ## - CATALOGING SOURCE
Original cataloging agency KABU
Transcribing agency KABU
245 10 - TITLE STATEMENT
Title Doing business in the East African Community 2013.
250 ## - EDITION STATEMENT
Edition statement 1st ed.
260 ## - PUBLICATION, DISTRIBUTION, ETC. (IMPRINT)
Place of publication, distribution, etc. Washington, D. C. :
Name of publisher, distributor, etc. World Bank,
Date of publication, distribution, etc. 2013.
300 ## - PHYSICAL DESCRIPTION
Extent v, 98 p.
650 #0 - SUBJECT ADDED ENTRY--TOPICAL TERM
Topical term or geographic name as entry element Commerce
Geographic subdivision Africa, Eastern.
-- 0000178788
651 #0 - SUBJECT ADDED ENTRY--GEOGRAPHIC NAME
Geographic name Africa, East
General subdivision Commerce.
-- 0000151380
852 1# - LOCATION
-- p500 KES
908 ## - PUT COMMAND PARAMETER (RLIN)
Put command parameter 130712
950 ## - LOCAL HOLDINGS (RLIN)
-- 1
Holdings
Withdrawn status Lost status Source of classification or shelving scheme Not for loan Home library Current library Date acquired Total Checkouts Full call number Barcode Date last seen Price effective from Koha item type
    Library of Congress Classification   Kabarak, Main Campus Kabarak, Main Campus 17/12/2015   HF3892 .D65 2013 c. 1 015869 17/12/2015 17/12/2015 Africana Collection